The Islamic Charter on Family (Record no. 1462)

000 -LEADER
fixed length control field 00393nam a22001457a 4500
003 - CONTROL NUMBER IDENTIFIER
control field OSt
005 - DATE AND TIME OF LATEST TRANSACTION
control field 20150114150616.0
008 - FIXED-LENGTH DATA ELEMENTS--GENERAL INFORMATION
fixed length control field 150113b xxu||||| |||| 00| 0 eng d
050 ## - LIBRARY OF CONGRESS CALL NUMBER
Classification number BP190.F25 2007
245 ## - TITLE STATEMENT
Title The Islamic Charter on Family
Statement of responsibility, etc International Islamic Committee for women and child
260 ## - PUBLICATION, DISTRIBUTION, ETC. (IMPRINT)
Place of publication, distribution, etc Orman
Name of publisher, distributor, etc IICWC
Date of publication, distribution, etc 2007
300 ## - PHYSICAL DESCRIPTION
Extent 600p.
650 ## - SUBJECT ADDED ENTRY--TOPICAL TERM
Topical term or geographic name as entry element Islamic Family
942 ## - ADDED ENTRY ELEMENTS (KOHA)
Source of classification or shelving scheme
Koha item type Book
Holdings
Withdrawn status Lost status Source of classification or shelving scheme Damaged status Not for loan Home library Current library Date acquired Total Checkouts Full call number Barcode Date last seen Copy number Price effective from Koha item type
          Riara University Library Riara University Library 14/01/2015   BP190.F36 2007 5213/15 14/01/2015 C.1 14/01/2015 Book
          Riara University Library Riara University Library 14/01/2015   BP190.F36 2007 5214/15 14/01/2015 C.2 14/01/2015 Book
          Riara University Library Riara University Library 14/01/2015   BP190.F36 2007 5215/15 14/01/2015 C.3 14/01/2015 Book
          Riara University Library Riara University Library 14/01/2015   BP190.F36 2007 5216/15 14/01/2015 C.4 14/01/2015 Book

Riara University Library,
P.O. Box 49940-00100,
Nairobi, Kenya.